Plant Design and Economics for Chemical Engineers/ (Record no. 12913)
[ view plain ]
| 000 -LEADER | |
|---|---|
| fixed length control field | 01882cam a2200373 a 4500 |
| 001 - CONTROL NUMBER | |
| control field | 12883501 |
| 005 - DATE AND TIME OF LATEST TRANSACTION | |
| control field | 20030715183729.0 |
| 008 - FIXED-LENGTH DATA ELEMENTS--GENERAL INFORMATION | |
| fixed length control field | 020805s2003 nyua b 001 0 eng |
| 010 ## - LIBRARY OF CONGRESS CONTROL NUMBER | |
| LC control number | 2002032568 |
| 020 ## - INTERNATIONAL STANDARD BOOK NUMBER | |
| International Standard Book Number | 0071240446 |
| 020 ## - INTERNATIONAL STANDARD BOOK NUMBER | |
| International Standard Book Number | 9780071240444 |
| 040 ## - CATALOGING SOURCE | |
| Original cataloging agency | DLC |
| Transcribing agency | DLC |
| Modifying agency | DLC |
| 050 00 - LIBRARY OF CONGRESS CALL NUMBER | |
| Classification number | TP155.5 |
| Item number | .P4 2003 |
| 082 00 - DEWEY DECIMAL CLASSIFICATION NUMBER | |
| Classification number | 690.54 |
| Edition number | 22 |
| Item number | PET |
| 100 1# - MAIN ENTRY--PERSONAL NAME | |
| Personal name | Peters, Max Stone, |
| Dates associated with a name | 1920- |
| 9 (RLIN) | 9364 |
| 245 10 - TITLE STATEMENT | |
| Title | Plant Design and Economics for Chemical Engineers/ |
| Statement of responsibility, etc | Max S. Peters, Klaus D. Timmerhaus & Ronald E. West |
| 250 ## - EDITION STATEMENT | |
| Edition statement | 5th ed. |
| 260 ## - PUBLICATION, DISTRIBUTION, ETC. (IMPRINT) | |
| Place of publication, distribution, etc | New York : |
| Name of publisher, distributor, etc | McGraw-Hill, |
| Date of publication, distribution, etc | c2003. |
| 300 ## - PHYSICAL DESCRIPTION | |
| Extent | xvii, 988 p. : |
| Other physical details | ill. ; |
| Dimensions | 24 cm. |
| 490 ## - Series Statement | |
| Series statement | McGraw-Hill chemical engineering series |
| -- | 27705 |
| 500 ## - GENERAL NOTE | |
| General note | Includes indexes |
| 504 ## - BIBLIOGRAPHY, ETC. NOTE | |
| Bibliography, etc | Includes bibliographical references and indexes. |
| 650 #0 - SUBJECT ADDED ENTRY--TOPICAL TERM | |
| Topical term or geographic name as entry element | Chemical plants |
| General subdivision | Design and construction. |
| 9 (RLIN) | 9365 |
| 653 ## - INDEX TERM--UNCONTROLLED | |
| Resource For college | |
| Arrived date list | October2011 |
| 700 1# - ADDED ENTRY--PERSONAL NAME | |
| Personal name | Timmerhaus, Klaus D. |
| 9 (RLIN) | 9366 |
| 700 1# - ADDED ENTRY--PERSONAL NAME | |
| Personal name | West, Ronald E. |
| Fuller form of name | (Ronald Emmett), |
| Dates associated with a name | 1933- |
| 9 (RLIN) | 9367 |
| 856 41 - ELECTRONIC LOCATION AND ACCESS | |
| Materials specified | Table of contents |
| Uniform Resource Identifier | <a href="http://www.loc.gov/catdir/toc/mh031/2002032568.html">http://www.loc.gov/catdir/toc/mh031/2002032568.html</a> |
| 856 42 - ELECTRONIC LOCATION AND ACCESS | |
| Materials specified | Publisher description |
| Uniform Resource Identifier | <a href="http://www.loc.gov/catdir/description/mh031/2002032568.html">http://www.loc.gov/catdir/description/mh031/2002032568.html</a> |
| 942 ## - ADDED ENTRY ELEMENTS (KOHA) | |
| Source of classification or shelving scheme | Dewey Decimal Classification |
| Item type | Book - Borrowing |
| Withdrawn status | Item status | Source of classification or shelving scheme | Damaged status | Not for loan | Vendor | Home library | Current library | Shelving location | Date acquired | Source of acquisition | Cost, normal purchase price | Serial Enumeration / chronology | Total Checkouts | Total Renewals | Full call number | Barcode | Date last seen | Date last borrowed | Koha item type |
|---|---|---|---|---|---|---|---|---|---|---|---|---|---|---|---|---|---|---|---|
| Dewey Decimal Classification | Baccah | Central Library | Central Library | First floor | 16/11/2009 | 180.00 | 9014 | 5 | 6 | 690.54 PET | 000019017 | 15/07/2025 | 22/11/2022 | Book - Borrowing | |||||
| Dewey Decimal Classification | Baccah | Central Library | Central Library | First floor | 31/10/2011 | 690.54 PET | 000025536 | 15/07/2025 | NB - Book (Non borrowing) | ||||||||||
| Dewey Decimal Classification | Baccah | Central Library | Central Library | First floor | 31/10/2011 | 6 | 16 | 690.54 PET | 000025537 | 15/07/2025 | 03/10/2017 | Book - Borrowing |